<The> Country population trend in the selected region of the Czech Republic

Vývoj populácie sledovaný v regióne Juhočeského kraja. Dlhodobý a postupný úbytok obyvateľstva v malých obciach. Opačný trend - nárast obyvateľstva v mestách a obciach s počtom obyvateľstva nad tisíc obyvateľov. Usmernenie zmien tohto vývoja v podobe štátnej pomoci malým obciam s nastupujúcou zmenou...

Ausführliche Beschreibung

Gespeichert in:
Bibliographische Detailangaben
1. Verfasser: Vosejpková, Marcela
Format: Buchkapitel
Sprache:Englisch
Schlagworte:
Tags: Tag hinzufügen
Keine Tags, Fügen Sie das erste Tag hinzu!

MARC

LEADER 00000naa a2200000 4500
001 r045135
005 20231004091232.7
041 0 |a eng 
044 |a CZ 
245 1 0 |a <The> Country population trend in the selected region of the Czech Republic  |c Marcela Vosejpková 
520 |a Vývoj populácie sledovaný v regióne Juhočeského kraja. Dlhodobý a postupný úbytok obyvateľstva v malých obciach. Opačný trend - nárast obyvateľstva v mestách a obciach s počtom obyvateľstva nad tisíc obyvateľov. Usmernenie zmien tohto vývoja v podobe štátnej pomoci malým obciam s nastupujúcou zmenou situácie po vstupe ČR do EÚ, kedy väčšina rodín hľadá finančne priaznivejšie bývanie na vidieku. 
610 2 0 |a vývoj populačný 
610 2 0 |a Česko 
610 2 0 |a vidiek 
610 2 0 |a obce 
610 2 0 |a úbytok obyvateľstva 
610 2 0 |a Juhočeský kraj 
610 2 0 |a vývoj regionálny 
610 2 0 |a obyvateľstvo 
610 2 0 |a hustota obyvateľstva 
610 2 0 |a údaje štatistické 
100 1 |a Vosejpková, Marcela